Zur reform theologiestudiums.

Guardat en:
Dades bibliogràfiques
Autor principal: Rahner, Karl, 1904-1984 (autor)
Format: Llibre
Publicat: Freiburg, Deutschland: Herder, 1969.
Col·lecció:Quaestiones Disputatae ;
Matèries:
Etiquetes: Afegir etiqueta
Sense etiquetes, Sigues el primer a etiquetar aquest registre!

MARC

LEADER 00000nam a22000007a 4500
003 CL-VaPUC
005 20250506122506.0
008 250506t1969 ||||| |||| 00| 0 ger d
999 |c 449289  |d 449287 
040 |c Pontificia Universidad Católica de Valparaíso 
082 7 |2 22  |a 230 RAH 1969 
100 |a Rahner, Karl,   |e autor   |9 481402  |d 1904-1984  
245 |a Zur reform theologiestudiums.  
260 |a Freiburg, Deutschland:  |b Herder,   |c 1969. 
300 |a 124 páginas. 
490 |a Quaestiones Disputatae ;   |n  41. 
500 |a c.1. Donación libros de R. P Dieter Gustavo Felten (Q.E.P.D) octubre 2024. Anhang, Gutachten von J. Neumann und W. Steinmüller über die Habilitation von Laientheologen. 
583 |c 20250506  |k Cristina María Rojas Aguilar 
650 0 |a Teología   |9 258766 
942 |2 ddc  |c BK  |n 1